Pharmacognosy magazine

Bibliographic Details
Corporate Author: Pharmacognosy Network Worldwide
Format: Electronic Journal
Language:English
Published: Bangalore : Pharmacognosy Network Worldwide, 2005-
Bangalore : Medknow
Subjects:
Online Access:Full text available from Research Library: 01/01/2008 to present

MARC

LEADER 00000nas a2200000 a 4500
001 ssj0058107
003 WaSeSS
005 20200512172242.0
006 m d
007 cr n
008 070314c20059999ii qr pss 0 0eng c
010 |a  2010247820 
016 7 |a 2274976-7  |2 DE-600 
022 |a 0976-4062  |l 0973-1296  |y 0973-1296 
035 |a (WaSeSS)ssj0058107 
040 |a CSO  |b eng  |c CSO  |d OCLCQ  |d PFM  |d UPM  |d OCLCQ  |d OCLCF  |d OCLCO  |d EUW  |d OCLCO  |d OCLCQ  |d OCLCO  |d OCLCQ  |d TOH  |d HEBIS  |d OCLCQ  |d CASUM  |d OCLCO  |d OCLCA  |d BUF  |d MOW  |d AU@  |d OCLCO  |d WYU  |d VT2  |d WaSeSS 
042 |a pcc 
050 1 4 |a RS160  |b .P537 
060 0 0 |a W1  |b PH2731 
245 0 0 |a Pharmacognosy magazine  |h [electronic resource]. 
260 |a Bangalore :  |b Pharmacognosy Network Worldwide,  |c 2005- 
260 3 |3 2010?-  |a Bangalore :  |b Medknow 
310 |a Quarterly 
362 1 |a Began with vol. 1, issue 1 (Jan./Apr. 2005). 
506 |a License restrictions may limit access. 
525 |a Vols. for 2008- include one or more supplements. 
550 |a "Official publication of Pharmacognosy Network Worldwide (Phcog.net)."--Journal website. 
588 |a Description based on: Vol. 1, issue 1 (Jan./Apr. 2005); title from journal home page (publisher's Web site, viewed Sept. 16, 2010). 
588 |a Latest issue consulted: Vol. 7, issue 25 (Jan./Mar., 2011) (viewed Mar. 31, 2011). 
650 0 |a Pharmacognosy  |v Periodicals. 
650 0 |a Medicinal plants  |v Periodicals. 
650 7 |a Medicinal plants.  |2 fast  |0 (OCoLC)fst01014866 
650 7 |a Pharmacognosy.  |2 fast  |0 (OCoLC)fst01060246 
650 2 |a Plants, Medicinal  |v Periodicals. 
650 2 |a Pharmacognosy  |v Periodicals. 
655 0 |a Electronic journals. 
710 2 |a Pharmacognosy Network Worldwide. 
856 4 0 |z Full text available from Research Library: 01/01/2008 to present  |u https://search.proquest.com/publication/226461